000 00581cam a2200217 4500
001 J1753
008 090401t1992 xxu||||| |||| 00| 0 eng d
035 _a(Sirsi) u45351
041 _aeng
050 _a711.73
110 _aHillier Parker Research
_92002
245 _aShopping scheme parking provision. - May 1993
260 _aLondon
_bHillier Parker May & Rowden
_c1992
300 _a1 sheet ; 30cm.
350 _a0
650 _aCAR PARKS
650 _aSHOPPING CENTRES
690 _aPROPERTY-COMMERCIAL PROPERTY-RETAIL PROPERTY
942 _n0
948 _c04/03/1997
999 _c91696
_d91696